000 00378nam a2200133Ia 4500
008 151001s9999||||xx |||||||||||||| ||und||
100 _aभीमराव कुलकर्णी
245 _aसाहित्यीकी
250 _a1
260 _bचिरायु प्रकाशन पुणे
260 _c1987
300 _a144
365 _b21
999 _c966123
_d966120